GRAY'S ANATOMY THE ANATOMICAL BASIS OF CLINICAL PRACTICE (Record no. 10546)

MARC details
000 -LEADER
fixed length control field 00336nam a22001457a 4500
003 - CONTROL NUMBER IDENTIFIER
control field SGT
082 ## - DEWEY DECIMAL CLASSIFICATION NUMBER
Classification number 611
Item number G16S
100 ## - MAIN ENTRY--PERSONAL NAME
Personal name STANDRING, SUSAN
245 ## - TITLE STATEMENT
Title GRAY'S ANATOMY THE ANATOMICAL BASIS OF CLINICAL PRACTICE
250 ## - EDITION STATEMENT
Edition statement 41
260 ## - PUBLICATION, DISTRIBUTION, ETC. (IMPRINT)
Place of publication, distribution, etc INDIA
Name of publisher, distributor, etc ELSEVIER
Year of Publication 2016
300 ## - PAGE DESCRIPTION
No. of Pages 1562
650 ## - SUBJECT ADDED ENTRY--TOPICAL TERM
Topical term or geographic name as entry element ANATOMY
942 ## - ADDED ENTRY ELEMENTS (KOHA)
Source of classification or shelving scheme Dewey Decimal Classification
Koha item type Books
942 ## - ADDED ENTRY ELEMENTS (KOHA)
-- 1
Holdings
Withdrawn status Lost status Source of classification or shelving scheme Damaged status Not for loan Collection code Home library Current library Shelving location Date acquired Vendor Name SGTU Bill Number Total Checkouts Full call number Accession No. (Barcode) Date last seen Date last borrowed Bill Date Koha item type
    Dewey Decimal Classification     MEDICAL SGT Medical Library SGT Medical Library Reference Book 20/01/2017 ABC SGTU 6436 2 611 G16S FM7883 08/06/2024 08/06/2024 02/01/2016 Books
    Dewey Decimal Classification     MEDICAL SGT Medical Library SGT Medical Library Reference Book 24/01/2017 ABC SGTU 7551   611 G16S FM8463 24/01/2017   23/12/2016 Books
    Dewey Decimal Classification     MEDICAL SGT Medical Library SGT Medical Library Reference Book 24/01/2017 ABC SGTU 7551   611 G16S FM8464 19/12/2018   23/12/2016 Books